Las Tribulaciones de Wilt / (Registro nro. 9592)

Detalles MARC
000 -LEADER
fixed length control field 00890nam a2200325 i 4500
001 - CONTROL NUMBER
control field 00056016
003 - CONTROL NUMBER IDENTIFIER
control field DO-SdBNP
005 - DATE AND TIME OF LATEST TRANSACTION
control field 20180205150636.0
007 - PHYSICAL DESCRIPTION FIXED FIELD--GENERAL INFORMATION
fixed length control field 00056016
008 - FIXED-LENGTH DATA ELEMENTS--GENERAL INFORMATION
fixed length control field 891019s1989 sp spa
015 ## - NATIONAL BIBLIOGRAPHY NUMBER
National bibliography number
016 7# - NATIONAL BIBLIOGRAPHIC AGENCY CONTROL NUMBER
Record control number
Canceled/invalid record control number
Source BPMSU
017 ## - COPYRIGHT OR LEGAL DEPOSIT NUMBER
Copyright or legal deposit number B 20114-1988
Assigning agency Oficina Depósito Legal Barcelona
020 ## - INTERNATIONAL STANDARD BOOK NUMBER
International Standard Book Number 8433923145
035 ## - SYSTEM CONTROL NUMBER
System control number
040 ## - CATALOGING SOURCE
Original cataloging agency BPMSU
Language of cataloging spa
Transcribing agency BPMSU
Description conventions
080 #0 - UNIVERSAL DECIMAL CLASSIFICATION NUMBER
Universal Decimal Classification number
100 1# - MAIN ENTRY--PERSONAL NAME
Personal name Sharpe, Tom,
Dates associated with a name 1928-2013
Relator code
245 14 - TITLE STATEMENT
Title Las Tribulaciones de Wilt /
Statement of responsibility, etc. Tom Sharpe ; traducción de Marisol de Mora.
Medium
250 ## - EDITION STATEMENT
Edition statement
260 1# - PUBLICATION, DISTRIBUTION, ETC. (IMPRINT)
Place of publication, distribution, etc. Barcelona :
Name of publisher, distributor, etc. Círculo de lectores,
Date of publication, distribution, etc. 1989.
300 ## - PHYSICAL DESCRIPTION
Extent 302 p.
Dimensions 20 cm
490 1# - SERIES STATEMENT
Series statement Círculo de lectores
500 ## - GENERAL NOTE
General note
500 ## - GENERAL NOTE
General note
700 12 - ADDED ENTRY--PERSONAL NAME
Personal name Mora Charles, Maríasol de,
Relator term tr.
830 #0 - SERIES ADDED ENTRY--UNIFORM TITLE
Uniform title Círculo de lectores
942 ## - ADDED ENTRY ELEMENTS (KOHA)
Source of classification or shelving scheme Dewey Decimal Classification
Koha item type Libros
956 ## - LOCAL ELECTRONIC LOCATION AND ACCESS (OCLC)
Host name VMATEO
Access method 10
Materials specified 20160406
Linkage BPMEU
Field link and sequence number 0069
Existencias
Withdrawn status Lost status Source of classification or shelving scheme Damaged status Not for loan Collection code Home library Current library Date acquired Source of acquisition Total Checkouts Barcode Date last seen Price effective from Koha item type
    Dewey Decimal Classification     Colección General Biblioteca Pública Metropolitana Salomé Ureña Biblioteca Pública Metropolitana Salomé Ureña 04/06/2016 FUNDI   BPMSU16040166 04/06/2016 04/06/2016 Libros